| 000 | 00627nam a2200205 a 4500 | ||
|---|---|---|---|
| 001 | 000005905 | ||
| 005 | 20200929151832.0 | ||
| 008 | 821029s1972 sp 000 1 spa | ||
| 040 |
_aDO-SdBNP _bspa _cBNPHU |
||
| 082 |
_a863.6209 _bG643T |
||
| 100 | 1 |
_aTudela, Mariano, _d1925- _916655 |
|
| 245 | 1 | 3 | _aEl conde Fernán González. |
| 260 |
_aMadrid : _bDoncel, _c1972. |
||
| 300 |
_a164 p. ; _c18 cm. |
||
| 490 | 0 |
_aLibro joven de bolsillo _v9 |
|
| 650 | 4 |
_aNovela histórica española _96177 |
|
| 650 | 4 |
_aLiteratura española _9632 |
|
| 700 | 1 |
_aFernán González, _econde _916656 |
|
| 830 | 0 |
_aLibro joven de bolsillo ; _v9 _912847 |
|
| 999 |
_c5701 _d5701 |
||